| 000 | 00000cam 2200000zi 4500 |
| 001 | 9.959840 |
| 003 | CaOODSP |
| 005 | 20260629101043 |
| 006 | m o d f |
| 007 | cr mn||||||||| |
| 008 | 260212e202603##quca o f000 0 eng d |
| 020 | |a9780660984056 |
| 040 | |aCaOODSP|beng|erda|cCaOODSP |
| 041 | 0 |aeng|beng|bfre |
| 043 | |an-cn--- |
| 086 | 1 |aR62-597/2025E-PDF |
| 245 | 00|aParks Canada corporate symbol tracking study 2025 : |bmethods report / |cprepared for Parks Canada Agency. |
| 264 | 1|aGatineau QC : |bParks Canada = Parcs Canada, |cMarch 2026. |
| 264 | 4|c©2026 |
| 300 | |a1 online resource (11 pages) : |billustrations |
| 336 | |atext|btxt|2rdacontent |
| 337 | |acomputer|bc|2rdamedia |
| 338 | |aonline resource|bcr|2rdacarrier |
| 500 | |aIssued also in French under title: Étude de suivi du symbole corporatif de Parcs Canada 2025 : rapport méthodologiques. |
| 500 | |a"Supplier name: Advanis." |
| 500 | |a"Contract number: CW2406657." |
| 500 | |a"Delivery date: March 13, 2026." |
| 500 | |a"Registration number: POR 005-25." |
| 500 | |aThis record only includes the methods report in PDF; the complete data set with all the data tables wave files in CSV formats are available for free download at https://epe.lac-bac.gc.ca/ |
| 520 | |a"Parks Canada's additional corporate symbol serves as a visual representation of the federal organization and its mission. Public recognition of Parks Canada's corporate symbol serves as one means in a broader toolbox to provide insight into public awareness and connection to the organization's mandate and work, help shape its presence in promotional and educational content, and to protect its identity from misuse by others. Parks Canada has tracked recognition consistently since 2022; this study is continuation of the work and will inform longitudinal patterns in recognition"--Background and objectives, page 3. |
| 546 | |aText in English, questionnaire in English and French. |
| 610 | 20|aParks Canada|xPublic opinion. |
| 650 | 0|aLogos (Symbols)|zCanada|xPublic opinion. |
| 650 | 0|aPublic opinion|zCanada. |
| 710 | 2 |aParks Canada, |eissuing body. |
| 710 | 2 |aAdvanis (Firm), |econsultant. |
| 775 | 08|tÉtude de suivi du symbole corporatif de Parcs Canada 2025 : |w(CaOODSP)9.959841 |
| 795 | |tParks Canada corporate symbol tracking study 2023 and 2024 : |w(CaOODSP)9.947677 |
| 856 | 40|qPDF|s302 KB|uhttps://publications.gc.ca/collections/collection_2026/pc/R62-597-2025-eng.pdf|zMethods report |
| 856 | 4 |qHTML|sN/A|uhttps://epe.lac-bac.gc.ca/100/200/301/pwgsc-tpsgc/por-ef/parks_canada/2026/005-25-e/005-25-report.htm|zMethods report |
| 856 | 4 |qHTML|sN/A|uhttps://epe.lac-bac.gc.ca/100/200/301/pwgsc-tpsgc/por-ef/parks_canada/2026/005-25-e/index.html|zComplete dataset |